Sabrina Carpenter - Paroles Please Please Please - Statistiques

Statistiques générales
  • Ce quiz a été pris 324 fois
  • Le résultat moyen est 244 sur 274
Statistiques - réponses
Hint Réponse % Correct
Couplet 1 I
100%
do
99%
huh),
99%
oh
99%
Refrain Please,
99%
please,
99%
please
99%
(Please
99%
(Please)
99%
(Uh
99%
a
98%
Ah,
98%
(Ah,
98%
ah,
98%
ah)
98%
(Ah)
98%
don't
98%
Don't
98%
me
98%
me,
98%
my
98%
make
97%
so
97%
when
97%
an
96%
just
96%
you,
96%
you
96%
makeup
95%
nice
95%
nice,
95%
right
95%
right?)
95%
right)
95%
tears
95%
did
94%
I'm
94%
is
94%
prove
94%
go
93%
have
93%
be
92%
'em
92%
know
92%
and
91%
And
91%
one
91%
the
91%
another
90%
another)
90%
bring
90%
good
90%
it
90%
motherfucker
90%
to
90%
up
90%
But
89%
but
89%
thing,
89%
thing
89%
thing),
89%
embarrass
88%
Heartbreak
88%
(Heartbreak
88%
in
88%
taste
88%
that
88%
ego's
87%
(Ego's
87%
fun
87%
It's
87%
it's
87%
(It's
87%
your
87%
beg
85%
act
84%
feel
84%
ironic
84%
like
84%
you're
84%
actor,
83%
funny
83%
only
83%
way
83%
everyone
82%
guy
82%
inside
82%
heard
81%
if
81%
Outro If
81%
stand
81%
eyes
80%
idea,
80%
no
80%
babe
79%
fresh
79%
of
79%
culture
78%
air,
77%
baby
77%
their
77%
we
77%
some
76%
stupid
76%
them
76%
front
75%
really
75%
really,
75%
stay
75%
wanna
75%
could
74%
different
74%
let
74%
makes
74%
maybe
74%
mistakes
74%
tell
74%
tonight
74%
with
74%
kidding,
73%
Yeah,
72%
asking,
71%
cry
71%
happily
71%
live
71%
music
71%
out
71%
judgment,
70%
promise
70%
devil's
69%
knows
69%
craving
68%
hate
68%
rolls
68%
fan
66%
ceiling
64%
All
61%
him
60%
Whatever
60%
prolifically
50%
Couplet 2 Well,
42%
(Kinda),
24%
tеars
0%
Aucun quiz correspondant
Distribution des résultats
% des personnes avec chaque résultat
Percentile par nombre de réponses
Votre historique - résultats
Vous n’avez pas pris ce quiz